Frühere Hauptstädte Quiz - Statistiken

Allgemein
  • Dieses Quiz wurde 5.978 mal gespielt
  • Das Durchschnittsergebnis liegt bei 11 aus 24
Antwortstatistiken
Jahre Land Hauptstadt % Korrekt
1949-1990 Westdeutschland Bonn
94%
1822-1960 Brasilien Rio de Janeiro
84%
1712-1918 Russland St. Petersburg
81%
1453-1923 Osmanisches Reich Konstantinopel
79%
1300er-1918 Bayern München
79%
1785-1790 Vereinigte Staaten New York City
71%
1569-1860 Großherzogtum Toskana Florenz
58%
1914-1976 Nigeria Lagos
58%
1296-1596 Polen Krakau
56%
794-1868 Japan Kyoto
51%
1815-1982 Sri Lanka Colombo
48%
1954-1975 Südvietnam Saigon
47%
1790-1800 Vereinigte Staaten Philadelphia
41%
1940-1944 Frankreich Vichy
38%
1993-1998 Kasachstan Almaty
34%
1948-2005 Birma (Myanmar) Yangon
31%
1305-1378 Katholische Kirche Avignon
28%
2950-2180 (v.Chr.) Ägypten Memphis
23%
1928-1937 China Nanjing
22%
1861-1865 Konföderierte Staaten von Amerika Richmond
22%
802-1431 Khmer-Reich Angkor
20%
1200er-1533 Inkareich Cuzco
19%
515-331 (v.Chr.) Perserreich Persepolis
16%
1504-1653 Mogulreich Agra
10%
Keine übereinstimmenden Quizze gefunden
Verteilung der Resultate
Anzahl Personen mit jedem Resultat
Perzentil nach korrekt beantworteten Fragen
Ihre Resultats-Entwicklung
Sie haben dieses Quiz noch nicht gespielt